000 00966nam a22002417a 4500
005 20180504170252.0
010 _aENG-122740-41
020 _a9788131253946 (V.1)
_c4395.00 (Set of 2 vols.)
020 _a9788131253946 (V.2)
_c4395.00 (Set of 2 vols.)
035 _aEN-106272-73
037 _bDBAD/PUB.
082 _a346.5402
100 _aMarkanda P C
245 _aThe law of contract :
_cby P C Markanda; Naresh Markanda [and] Rajesh Markanda
_bwith special emphasis on the law relating to Government Contracts, Tenders and Blacklisting / /
250 _a4th edition
260 _aGurgaon
_bLexisNexis
_c2018
270 _a14th floor, Building No. 10, Tower-B, DLF Cyber City, Phase-II,
_bGurgaon
_e122002
300 v _a2v.(xxxix,1176p.; 1177-2189p.)
_c24cm(Hb)
500 _aIt include consolidated table of cases of volume 1 & 2
700 _aMarkanda, Naresh
700 _aMarkanda, Rajesh
942 _2ddc
_cEN
_mMAR
_h346.5402
999 _c151651
_d151651